000 00991nam a2200313 i 4500
001 000040983
003 DO-SdBNP
005 20250618090914.0
007 ta
008 130912s2000 dr 000 0 spa d
040 _aDO-SdBNP
_bspa
_cBNPHU
_erda
041 _aspa
082 4 _a266.023
_bT173j 2000
_222
100 1 _aTardif, Emiliano,
_d1928-1999
_eautor
_4aut.
_935030
245 1 0 _aJesús esta vivo /
_cEmiliano Tardif, José H. Prado Flores.
250 _a18ª ed.
264 _aSanto Domingo, República Dominicana :
_bEdiciones MSC,
_c2000.
300 _a153 páginas ;
_c22 cm.
336 _atexto
_btxt
_2rdacontent
337 _asin mediación
_bn
_2rdamedia
338 _avolumen
_bnc
_2rdacarrier
590 _aInventariado, 2018/ YL
650 4 _aEvangelización
_9476
650 4 _aMisiones
_xIglesia católica
_935031
650 0 _aVida cristiana
_9668
700 1 _aPrado Flores, José H.
_910971
910 _aValidado. Control de calidad EMS
942 _2ddc
_cLBS1
999 _c40473
_d40473